Mechanical properties of rubber-clay hybrid (Record no. 62729)

MARC details
000 -LEADER
fixed length control field 00439nam a2200145Ia 4500
100 ## - MAIN ENTRY--AUTHOR NAME
Personal name Pramanik M
245 #0 - TITLE STATEMENT
Title Mechanical properties of rubber-clay hybrid
260 ## - PUBLICATION, DISTRIBUTION, ETC. (IMPRINT)
Name of publisher RUBCON 2002: Proceedings of the Indian Rubber Conference January 12-13. pp.145-150
650 ## - SUBJECT ADDED ENTRY--TOPICAL TERM
Topical Term Rubber-clay hybrid
700 ## - ADDED ENTRY--PERSONAL NAME
Personal name Bhowmick A K
700 ## - ADDED ENTRY--PERSONAL NAME
Personal name Samantaray B K
700 ## - ADDED ENTRY--PERSONAL NAME
Personal name Srivastava S K
942 ## - ADDED ENTRY ELEMENTS (KOHA)
Koha item type Journals
Holdings
Withdrawn status Lost status Damaged status Not for loan Home library Current library Shelving location Date acquired Koha item type
      Journals RRII Library RRII Library Rubber chemistry 29/11/2002 Journals